书目信息 |
| 题名: |
水浒传(节选)
|
|
| 作者: | 施耐庵著 , 黄霖解读 | |
| 分册: | ||
| 出版信息: | 北京 中国国家图书馆出版社 2023.12 |
|
| 页数: | 595页 | |
| 开本: | 20cm | |
| 丛书名: | ||
| 单 册: | ||
| 中图分类: | Z121 | |
| 科图分类: | ||
| 主题词: | 丛书--中国 | |
| 电子资源: | ||
| ISBN: | 978-7-5013-7631-5 | |
| 000 | 00637nam0 2200193 450 | |
| 001 | 202512103701365291 | |
| 005 | 20251210105712.21 | |
| 010 | @a978-7-5013-7631-5@d116 | |
| 100 | @a20251210d km y0chiy0120 ea | |
| 101 | 0 | @achi |
| 200 | 1 | @a水浒传(节选)@AShui Hu Chuan(Jie Xuan)@f施耐庵著,黄霖解读@FShi Nai An Zhu,Huang Lin Jie Du |
| 210 | @a北京@c中国国家图书馆出版社@d2023.12 | |
| 215 | @a595页@d20cm | |
| 606 | 0 | @a丛书@x中国 |
| 690 | @aZ121@v4 | |
| 701 | 0 | @a施耐庵著@AShi Nai An Zhu |
| 701 | 0 | @a黄霖解读@AHuang Lin Jie Du |
| 801 | 0 | @aCN@b大连网信软件有限公司图书馆·11@c20251210 |
| 905 | @aZUCC@b1440163@dZ121@e3530:66@f214401636 | |
| 水浒传(节选)/施耐庵著,黄霖解读.-北京:中国国家图书馆出版社,2023.12 |
| 595页;20cm |
| ISBN 978-7-5013-7631-5:116 |
| ● |
| 相关链接 |
|
|
|
|
正题名:水浒传(节选)
索取号:Z121/3530:66
 
预约/预借
| 序号 | 登录号 | 条形码 | 馆藏地/架位号 | 状态 | 备注 |
| 1 | 1440163 | 214401636 | 第二样本阅览室/ [索取号:Z121/3530:66] | 在馆 |